| 000 | 00421cam a22001337a 4500 | ||
|---|---|---|---|
| 008 | 180718b1982 xxu||||| |||| 00| 0 eng d | ||
| 082 | _aO91x5453 sw22 | ||
| 100 | _aSwaminathan ,M.S. | ||
| 245 |
_aEconomic ecologists of India _cBy M.S. Swaminathan |
||
| 260 |
_aNew Delhi _bIndian enviroment society _c1982 |
||
| 300 | _a112p | ||
| 650 | _aAgriculturists -- India -- Biography | ||
| 650 | _aSwaminathan, Monkumbu Sambasivan | ||
| 999 |
_c411297 _d411297 |
||